[Event "Challenge"]
[Site "http://www.queenalice.com/game.php?id=467535"]
[Date "2008.9.24"]
[Round "-"]
[White "Brenovid"]
[Black "DG"]
[Result "1-0"]
[WhiteElo "1355"]
[BlackElo "1235"]

1. e4 e5 2. c3 Nf6 3. d3 Nc6 4. d4 exd4 5. cxd4 Nxe4 6. f3 Bb4+ 7. Ke2 Nxd4+ 8.
Qxd4 Ng3+ 9. hxg3 Be7 10. Qxg7 Rf8 11. Qxh7 b6 12. Ke1 Bb4+ 13. Kd1 Qe7 14. a3
Qd6+ 15. Bd2 Ba5 16. b4 Bxb4 17. axb4 Qxg3 18. Qe4+ Kd8 19. Qxa8 d6 20. Rxa7 Qg6
21. Nc3 Re8 22. Qb8 Ke7 23. Nd5+ Kf8 24. Rh8+ Kg7 25. Bc3+ f6 26. Rxe8 Qxe8 27.
Rxc7+ Kg6 28. Bd3+ f5 29. Rg7+ Kh6 30. Qxd6+ Be6 31. Qf4+ Kh5 32. Rg5+ Kh6 33.
Qh4+ Qh5 34. Qxh5# 1-0

[Event "Challenge"]
[Site "http://www.queenalice.com/game.php?id=467536"]
[Date "2008.9.24"]
[Round "-"]
[White "Brenovid"]
[Black "lucasalex"]
[Result "0-1"]
[WhiteElo "1385"]
[BlackElo "1932"]

1. e4 e5 2. d3 Nc6 3. c3 d5 4. exd5 Qxd5 5. c4 Bb4+ 6. Bd2 Qd4 7. Bxb4 Nxb4 8.
Qa4+ Nc6 9. Qb3 Bd7 10. Nf3 Qd6 11. Qxb7 Rb8 12. Qa6 Rxb2 13. Nc3 Nge7 14. Nb5
Qb4+ 15. Kd1 O-O 16. h4 Bg4 17. Kc1 Bxf3 18. Rb1 Qd2# 0-1

[Event "Challenge"]
[Site "http://www.queenalice.com/game.php?id=467620"]
[Date "2008.9.24"]
[Round "-"]
[White "Brenovid"]
[Black "TonyDaMadeira"]
[Result "1-0"]
[WhiteElo "1342"]
[BlackElo "1260"]

1. e4 e5 2. c3 Nc6 3. d3 h6 4. d4 d6 5. d5 Nce7 6. Na3 a6 7. Be3 Nf6 8. Bd3 c6
9. Qa4 Bd7 10. Nc4 Nc8 11. Qb4 b5 12. Nd2 cxd5 13. f3 Bc6 14. Ne2 dxe4 15. fxe4
d5 16. Bc5 dxe4 17. Nxe4 Qxd3 18. Nxf6+ gxf6 19. Rd1 Qf5 20. Rf1 Qg5 21. Bxf8
Rxf8 22. Rd8+ 1-0

[Event "Challenge"]
[Site "http://www.queenalice.com/game.php?id=473843"]
[Date "2008.10.7"]
[Round "-"]
[White "Brenovid"]
[Black "juan_francisco"]
[Result "1-0"]
[WhiteElo "1320"]
[BlackElo "1467"]

1. e4 e5 2. d3 Qf6 3. c3 Bc5 4. d4 exd4 5. cxd4 Bxd4 6. Be3 Bxe3 7. fxe3 Qxb2 8.
Nd2 Qc3 9. Kf2 d6 10. Rc1 Qf6+ 11. Ndf3 Nh6 12. Rxc7 Ng4+ 13. Ke2 Kd8 14. e5
Nxe5 15. Qc1 Nxf3 16. gxf3 Qf5 17. Bh3 Qb5+ 18. Kf2 Na6 19. Rxf7 Bxh3 20. Nxh3
Qh5 21. Qc4 Qxh3 22. Rxb7 Qc8 23. Qxa6 Re8 24. Qxd6+ Qd7 25. Qxd7# 1-0

[Event "Challenge"]
[Site "http://www.queenalice.com/game.php?id=474963"]
[Date "2008.10.9"]
[Round "-"]
[White "Brenovid"]
[Black "Flare07"]
[Result "0-1"]
[WhiteElo "1381"]
[BlackElo "1479"]

1. e4 c5 2. c3 d6 3. d4 Nc6 4. d5 Ne5 5. f4 Nd7 6. Nf3 e5 7. fxe5 dxe5 8. Qa4
Bd6 9. Ng5 h6 10. Nf3 Nf6 11. Na3 a6 12. Nc4 Bc7 13. d6 Bb8 14. Nfxe5 b5 15. Qb3
bxc4 16. Qxc4 Nxe5 17. Qxc5 Bxd6 18. Qd5 Nxd5 19. exd5 O-O 20. b4 Qe7 21. c4
Nd3+ 22. Kd1 Nxc1 23. Rxc1 Bg4+ 24. Kc2 Qe3 25. Bd3 Qf2+ 26. Kb3 a5 27. Rc2 Qb6
28. Kb2 Qxb4+ 29. Kc1 Bf4+ 30. Rd2 Bxd2+ 31. Kc2 Qc3+ 32. Kb1 Rab8# 0-1

[Event "Challenge"]
[Site "http://www.queenalice.com/game.php?id=478335"]
[Date "2008.10.17"]
[Round "-"]
[White "Brenovid"]
[Black "yclaudiu35"]
[Result "0-1"]
[WhiteElo "1383"]
[BlackElo "1832"]

1. e4 e5 2. Qh5 Nc6 3. Nf3 Qf6 4. c3 Bc5 5. b4 Bd6 6. b5 Nce7 7. d3 h6 8. d4 g6
9. Qh3 exd4 10. cxd4 Bb4+ 11. Kd1 d5 12. e5 Qg7 13. Qg3 Ba5 14. h4 Nf5 15. Qg4
Ne3+ 16. fxe3 Bxg4 17. Ba3 f6 18. exf6 Qxf6 19. Be2 O-O-O 20. Ne5 Bxe2+ 21. Kxe2
Qb6 22. Nf7 Qxb5+ 23. Kf3 Nf6 24. Be7 Qb2 25. Bxf6 Rhf8 26. Bxd8 Rxf7+ 27. Kg4
Qxg2# 0-1

[Event "Challenge"]
[Site "http://www.queenalice.com/game.php?id=478338"]
[Date "2008.10.17"]
[Round "-"]
[White "Brenovid"]
[Black "Renatogr90"]
[Result "1-0"]
[WhiteElo "1396"]
[BlackElo "1511"]

1. e4 e5 2. c3 Nf6 3. f3 Bc5 4. d4 Bb6 5. dxe5 Nh5 6. g4 Bxg1 7. Rxg1 Nf4 8.
Bxf4 Qh4+ 9. Bg3 Qe7 10. Na3 d6 11. Nc4 dxe5 12. Bxe5 Be6 13. Qa4+ c6 14. Nd6+
Kf8 15. O-O-O Nd7 16. Nxb7 Rb8 17. Qxa7 Qe8 18. Rxd7 Bxd7 19. Bxb8 g6 20. Qc5+
Kg8 21. Be5 Qe6 22. Bc4 Qe8 23. Nd6 Qe7 24. Bxf7+ Kf8 25. Bxh8 h5 26. gxh5 gxh5
27. Rg8# 1-0

[Event "XEQUE MATE"]
[Site "http://www.queenalice.com/game.php?id=480044"]
[Date "2008.10.20"]
[Round "1"]
[White "Brenovid"]
[Black "jeancarlo1910"]
[Result "0-1"]
[WhiteElo "1432"]
[BlackElo "1827"]

1. e4 e5 2. c3 Nc6 3. d4 d6 4. d5 Nce7 5. Na3 Nf6 6. f3 a6 7. c4 Bd7 8. g4 c5 9.
f4 Nxg4 10. h3 Nf6 11. fxe5 Nxe4 12. Qf3 Qa5+ 13. Kd1 Bf5 14. e6 f6 15. Bd3 g6
16. Bxe4 Bxe4 17. Qxe4 Nf5 18. b3 Ng3 19. Qf3 Nf5 20. Ne2 Be7 21. h4 b5 22. Bd2
b4 23. Nc2 Qb6 24. h5 O-O-O 25. hxg6 hxg6 26. Rxh8 Rxh8 27. Nf4 Nh4 28. Qg4 f5
29. Qg3 g5 30. Ng6 Nxg6 31. Bxg5 Rg8 32. a3 Ne5 33. Ne3 Rxg5 34. Qf2 Nd3 35. Qe2
Rg1+ 36. Kd2 Rxa1 37. Kxd3 bxa3 38. Qc2 f4 39. Nf5 Qd8 40. Nxe7+ Qxe7 41. b4
Qh7+ 42. Kc3 cxb4+ 43. Kb3 Rb1+ 44. Qxb1 Qxb1+ 45. Ka4 f3 46. e7 Kd7 47. e8=Q+
Kxe8 48. Ka5 a2 49. Kxa6 a1=Q+ 50. Kb5 Qba2 51. Kc6 Qa6+ 52. Kc7 Qa7+ 53. Kxd6
Qf6# 0-1

[Event "Challenge"]
[Site "http://www.queenalice.com/game.php?id=480816"]
[Date "2008.10.21"]
[Round "-"]
[White "Brenovid"]
[Black "Iarinha"]
[Result "1-0"]
[WhiteElo "1417"]
[BlackElo "1394"]

1. e4 e5 2. c3 Nf6 3. f3 d6 4. d4 exd4 5. Qxd4 c5 6. Qa4+ Bd7 7. Bb5 a6 8. Bxd7+
Nfxd7 9. Nd2 b5 10. Qa3 b4 11. cxb4 cxb4 12. Qxb4 d5 13. Qb7 Nb6 14. exd5 N8d7
15. Ne4 Bb4+ 16. Bd2 a5 17. a3 Bc5 18. Nxc5 Nxc5 19. Qc6+ Ncd7 20. Be3 O-O 21.
Rc1 Ne5 22. Qb5 Nxd5 23. Ke2 Re8 24. Nh3 Qd7 25. Rc5 Red8 26. Rd1 Rab8 27. Qxd7
Nxd7 28. Rcxd5 Rxb2+ 29. Kf1 a4 30. Rxd7 h6 31. Rxd8+ Kh7 32. Rf8 Rb3 33. Bc5 h5
34. Ng5+ Kg6 35. Nxf7 Rc3 36. Rd6+ Kf5 37. Nh6+ Ke5 38. Rf5# 1-0

[Event "AUTO-INT-1078"]
[Site "http://www.queenalice.com/game.php?id=480994"]
[Date "2008.10.22"]
[Round "1"]
[White "sadick"]
[Black "Brenovid"]
[Result "0-1"]
[WhiteElo "1691"]
[BlackElo "1435"]

1. e4 d5 2. e5 e6 3. d4 c6 4. c3 Qh4 5. Nf3 Qe4+ 6. Qe2 Qxe2+ 7. Bxe2 f6 8. O-O
Nd7 9. Re1 fxe5 10. Nxe5 Ndf6 11. Nd2 g6 12. Ndf3 Ne4 13. Bd3 Ngf6 14. Bxe4 Nxe4
15. Ng5 Nxg5 16. Bxg5 Rg8 17. Re3 h6 18. Bh4 g5 19. Bg3 h5 20. h3 h4 21. Bh2 c5
22. Ng4 Rg6 23. Be5 b6 24. Rae1 Bg7 25. Bxg7 Rxg7 26. Nf6+ Kd8 27. Re5 Rg6 28.
Nh7 g4 29. hxg4 Rxg4 30. Nf6 Rg6 31. Nh5 h3 0-1

[Event "AUTO-INT-1078"]
[Site "http://www.queenalice.com/game.php?id=480995"]
[Date "2008.10.22"]
[Round "1"]
[White "Brenovid"]
[Black "sadick"]
[Result "1-0"]
[WhiteElo "1406"]
[BlackElo "1720"]

1. e4 e5 2. c3 Nf6 3. f3 c6 4. d4 d6 5. d5 cxd5 6. exd5 Qa5 7. b4 Qxd5 8. Qxd5
Nxd5 9. Nh3 Bxh3 10. gxh3 f5 11. a3 f4 12. Bb5+ Ke7 13. c4 Nc7 14. Rg1 Nxb5 15.
cxb5 Nd7 16. Nc3 Nf6 17. Kf2 g6 18. Ne4 Nxe4+ 19. fxe4 Rc8 20. Bd2 Rc2 21. Ke1
Ke6 22. Kd1 Rc4 23. Re1 Be7 24. Rc1 Rhc8 25. a4 Rxc1+ 26. Bxc1 Rc3 27. Kd2 Rxh3
28. Re2 d5 29. exd5+ Kxd5 30. Bb2 Bxb4+ 31. Kd1 1-0

[Event "AUTO-INT-1078"]
[Site "http://www.queenalice.com/game.php?id=481010"]
[Date "2008.10.22"]
[Round "1"]
[White "chmp"]
[Black "Brenovid"]
[Result "1-0"]
[WhiteElo "1675"]
[BlackElo "1487"]

1. e4 e5 2. d4 exd4 3. Qxd4 c5 4. Qe5+ Qe7 5. Nf3 Nc6 6. Qf4 f6 7. Nc3 g5 8. Qd2
g4 9. Nh4 Bh6 10. f4 Nd4 11. Bc4 b5 12. Bxb5 Nxb5 13. Nxb5 Qxe4+ 14. Kf1 Ba6 15.
Qa5 Qc4+ 16. Kf2 Bxb5 17. Re1+ Kf7 18. b3 Qxc2+ 19. Kg1 Qd3 20. b4 Qd4+ 21. Be3
Qd3 22. a4 Bc6 23. Qxc5 a6 24. Rad1 Qb3 25. Qh5+ Kf8 26. Bc5+ Ne7 27. Bxe7+ Kg8
28. Qxg4+ 1-0

[Event "AUTO-INT-1078"]
[Site "http://www.queenalice.com/game.php?id=481011"]
[Date "2008.10.22"]
[Round "1"]
[White "Brenovid"]
[Black "chmp"]
[Result "0-1"]
[WhiteElo "1496"]
[BlackElo "1666"]

1. e4 e5 2. c3 d5 3. d3 Nc6 4. exd5 Qxd5 5. c4 Qd6 6. Nc3 Qb4 7. a3 Qb6 8. Be3
Bc5 9. Nd5 Qxb2 10. Nxc7+ Kd8 11. Nxa8 Bxe3 12. fxe3 Qc3+ 13. Kf2 Nf6 14. h3 g6
15. Ne2 Qa5 16. a4 e4 17. Nd4 Re8 18. Nxc6+ bxc6 19. dxe4+ Bd7 20. Rb1 Nxe4+ 21.
Kf3 Qf5+ 22. Ke2 Nc3+ 23. Ke1 Rxe3+ 24. Be2 Nxd1 25. Rxd1 Qa5+ 26. Kf2 Qc5 27.
Bg4 Rxh3+ 28. Ke2 Qe3+ 29. Kf1 Rxh1# 0-1

[Event "AUTO-INT-1078"]
[Site "http://www.queenalice.com/game.php?id=481020"]
[Date "2008.10.22"]
[Round "1"]
[White "guerraitapira"]
[Black "Brenovid"]
[Result "1-0"]
[WhiteElo "1722"]
[BlackElo "1383"]

1. e4 e5 2. Nf3 d6 3. h3 c6 4. Bc4 Nf6 5. d3 Qa5+ 6. Nc3 d5 7. exd5 cxd5 8. Bb5+
Ke7 9. Nxe5 a6 10. Qe2 axb5 11. Nc6+ Kd6 12. Nxa5 Rxa5 13. d4 Nc6 14. Nxb5+ Rxb5
15. Qxb5 Nxd4 16. Bf4+ Ke6 17. Qb6+ Nc6 18. O-O h6 19. g4 g5 20. Rfe1+ Ne4 21.
Be3 h5 22. f3 Nd6 23. Bxg5+ Kd7 24. Rad1 d4 25. Bf6 Rh6 26. g5 Rg6 27. b4 Nc4
28. Rxd4+ Nxd4 29. Qxd4+ Nd6 30. c4 b6 31. Qxb6 Rxf6 32. gxf6 h4 33. c5 Nc4 34.
Rd1+ Bd6 35. Rxd6+ Nxd6 36. Qxd6+ Ke8 37. Qe7# 1-0

[Event "AUTO-INT-1078"]
[Site "http://www.queenalice.com/game.php?id=481021"]
[Date "2008.10.22"]
[Round "1"]
[White "Brenovid"]
[Black "guerraitapira"]
[Result "0-1"]
[WhiteElo "1385"]
[BlackElo "1658"]

1. e4 e5 2. c3 d6 3. d4 exd4 4. Qxd4 Nc6 5. Qa4 a6 6. Nf3 Bd7 7. Qb3 Na5 8. e5
Nxb3 9. axb3 Qe7 10. Bg5 f6 11. Bh4 dxe5 12. c4 Qb4+ 13. Nbd2 O-O-O 14. g3 g5
15. Bxg5 fxg5 16. Nxg5 Bc6 17. Nf7 Qxd2# 0-1

[Event "AUTO-INT-1176"]
[Site "http://www.queenalice.com/game.php?id=525847"]
[Date "2009.1.20"]
[Round "1"]
[White "avp07"]
[Black "Brenovid"]
[Result "1-0"]
[WhiteElo "1497"]
[BlackElo "1430"]

1. e4 d5 2. exd5 Qxd5 3. Nc3 Qc5 4. d4 Qe5+ 5. dxe5 c6 6. Qf3 g6 7. Bc4 e6 8.
Bg5 f5 9. O-O-O b5 10. Rd8+ Kf7 11. Rxc8 h6 12. Rc7+ Ke8 13. Bxe6 hxg5 14. Qd3
Nf6 15. exf6 Bc5 16. Rc8# 1-0

[Event "AUTO-INT-1176"]
[Site "http://www.queenalice.com/game.php?id=525848"]
[Date "2009.1.20"]
[Round "1"]
[White "Brenovid"]
[Black "avp07"]
[Result "0-1"]
[WhiteElo "1417"]
[BlackElo "1532"]

1. d4 d5 2. e3 f6 3. c4 Bf5 4. Na3 e5 5. g4 Be6 6. Qf3 Nc6 7. b3 Bb4+ 8. Kd1
Nge7 9. dxe5 Nxe5 10. Qf4 Bxg4+ 11. f3 dxc4+ 12. Kc2 Nd5 13. Qd4 c5 14. Qd1 Bxa3
15. Bxa3 Nxe3+ 16. Kb2 Nxd1+ 17. Rxd1 Qxd1 18. Bxc5 Qxf1 0-1

[Event "AUTO-INT-1176"]
[Site "http://www.queenalice.com/game.php?id=525861"]
[Date "2009.1.20"]
[Round "1"]
[White "PedroNRF"]
[Black "Brenovid"]
[Result "1-0"]
[WhiteElo "1641"]
[BlackElo "1479"]

1. d4 d5 2. Bf4 e6 3. a3 g5 4. Be5 f6 5. Bg3 c6 6. b4 b6 7. e3 Nh6 8. Nc3 f5 9.
b5 cxb5 10. Nxb5 a6 11. Nc7+ Ke7 12. Nxa8 Bb7 13. Qh5 g4 14. Bh4+ Kd7 15. Bxd8
Bxa8 16. Bxb6 Bg7 17. Rb1 Nc6 18. Qg5 Bf8 19. Qf4 Rg8 20. Qc7+ Ke8 21. Qc8+ Kf7
22. Qxa8 Ne7 23. Bd3 Bg7 24. Qxa6 1-0

[Event "AUTO-INT-1176"]
[Site "http://www.queenalice.com/game.php?id=525862"]
[Date "2009.1.20"]
[Round "1"]
[White "Brenovid"]
[Black "PedroNRF"]
[Result "0-1"]
[WhiteElo "1469"]
[BlackElo "1651"]

1. d4 d5 2. e3 Bf5 3. g4 Be4 4. f3 Bg6 5. Nh3 a6 6. Nf4 h5 7. g5 e6 8. Nc3 Qxg5
9. h4 Qf6 10. Rg1 Qxh4+ 11. Kd2 Bb4 12. Nxg6 fxg6 13. Rxg6 e5 14. dxe5 d4 15.
Rxg7 Nc6 16. Rxc7 Rd8 17. exd4 Rxd4+ 18. Bd3 Nxe5 19. Rxb7 Qf2+ 20. Qe2 Qxe2+
21. Kxe2 a5 22. a3 Bxc3 23. bxc3 Rh4 0-1

[Event "XEQUE MATE"]
[Site "http://www.queenalice.com/game.php?id=526315"]
[Date "2009.1.21"]
[Round "2"]
[White "Krajnicov"]
[Black "Brenovid"]
[Result "1-0"]
[WhiteElo "1522"]
[BlackElo "1460"]

1. e4 d5 2. Qf3 f6 3. exd5 g6 4. Bc4 c6 5. dxc6 Nxc6 6. Bb5 Qd7 7. Nc3 Qe6+ 8.
Kf1 a6 9. Ba4 b5 10. Bb3 Qd6 11. Ne4 Qe5 12. Nh3 Nd4 13. Nxf6+ Nxf6 14. Qxa8 Qe6
15. Bxe6 Nxe6 16. Qxc8+ Kf7 17. Qxa6 b4 18. c3 1-0